Living contradictions : the women of the baby boom come of age /

Bibliographic Details
Main Author: Michaels, Joanne, 1950-2020
Format: Book
Language:English
Published: New York : Simon and Schuster, [1982]
Subjects:

MARC

Tag First Indicator Second Indicator Subfields
LEADER 00000cam a22000008a 4500
001 in00000074075
005 20210515064333.0
008 811030s1982 nyu b 00010 eng
010 |a  81018475  
020 |a 0671253514 
035 |a (OCoLC)07975620 
035 |9 AAJ5237AM 
039 0 |a 2  |b 3  |c 3  |d 3  |e 3 
040 |a DLC  |c DLC  |d TXA  |d UtOrBLW 
043 |a n-us--- 
049 |a TXAM  |c [952115] 
050 0 0 |a HQ1426  |b .M57 
082 0 |a 305.4/2/0973  |2 19 
100 1 |a Michaels, Joanne,  |d 1950-2020. 
245 1 0 |a Living contradictions :  |b the women of the baby boom come of age /  |c Joanne Michaels. 
263 |a 8204 
264 1 |a New York :  |b Simon and Schuster,  |c [1982] 
264 4 |c ©1982 
300 |a 238 pages ;  |c 22 cm. 
336 |a text  |b txt  |2 rdacontent 
337 |a unmediated  |b n  |2 rdamedia 
338 |a volume  |b nc  |2 rdacarrier 
504 |a Includes bibliographical references. 
650 0 |a Young women  |z United States  |x Attitudes. 
650 0 |a Feminism  |z United States. 
650 0 |a Marriage  |z United States. 
999 |a MARS 
999 f f |s 1e187547-8560-3c56-a59d-338643949800  |i 9800de87-caaa-300f-8e87-462a80ad29f6  |t 0 
952 f f |p ric  |a Texas A&M University  |b Rellis Campus  |c Joint Library Facility  |d Remote Storage  |t 0  |e HQ1426 .M57  |h Library of Congress classification  |i unmediated -- volume  |m A14806143510 
998 f f |a HQ1426 .M57  |t 0  |l Remote Storage